000 00438nam a2200181Ia 4500
005 20240823005359.0
008 240823s9999||||xx |||||||||||||| ||und||
041 _aENGLISH
082 _A005.133 M6
100 _a"Gottfried,Byron S"
245 0 _aProgramming with Basic
250 _a3rd
260 _c1986
_b"MGH,Newyork"
500 _aTRANSFERED
650 _aProgramming
_bComputer Applications
942 _cBK
999 _c155549
_d155549